[Event "Larsen Event 2024"]
[Site "Aalborg"]
[Date "2024.10.16"]
[Round "3.8"]
[White "Rasmussen, Morten Thor"]
[Black "Mistilioglou, Athanasios"]
[Result "0-1"]
[WhiteElo "1900"]
[BlackElo "1800"]
[WhiteFideId "1445162"]
[BlackFideId "25855344"]
[EventDate "2024.10.14"]
[EventType "swiss"]
[EventRounds "5"]
[EventCountry "DEN"]
[SourceTitle "Live"]

1. e4 c5 2. c3 d6 3. d4 cxd4 4. cxd4 g6 5. Nf3 Bg7 6. Nc3 Nc6 7. Bc4 Nf6 8. Be3 O-O 9. Qd2 Nxe4 10. Bxf7+ Rxf7 11. Nxe4 Qa5 12. O-O Qd5 13. Nc3 Qh5 14. Ng5 Rf8 15. Nce4 h6 16. Ng3 Qh4 17. Nf3 Rxf3 18. gxf3 Nxd4 19. Bxd4 Bxd4 20. Rfe1 Bg7 21. Qd5+ Kh7 22. Rac1 Qf6 23. Rc7 Bf8 24. Ne4 Qf5 25. Qxd6 Kh8 26. Qd8 Qxf3 27. Rxc8 Qg4+ 28. Ng3 Rxc8 29. Qa5 h5 30. Re4 Qf3 31. Qe5+ Qf6 32. Qb5 Rc1+ 33. Kg2 Rc2 34. Re2 Rxe2 35. Qxe2 Qg5 36. Kh3 Bg7 37. b3 Be5 38. Qe3 Qxe3 39. fxe3 Bxg3 40. Kxg3 Kg7 41. Kf4 Kf6 42. h4 e5+ 43. Ke4 g5 44. hxg5+ Kxg5 45. Kxe5 h4 46. e4 h3 47. Kd6 0-1

[Event "Larsen Event 2024"]
[Site "Aalborg"]
[Date "2024.10.17"]
[Round "4.1"]
[White "Zander, Emil"]
[Black "Jacobsen, Mikkel Manosri"]
[Result "1-0"]
[WhiteElo "2131"]
[BlackElo "2322"]
[WhiteFideId "1467123"]
[BlackFideId "1444514"]
[EventDate "2024.10.14"]
[EventType "swiss"]
[EventRounds "5"]
[EventCountry "DEN"]
[SourceTitle "Live"]

1. e4 c6 2. d4 d5 3. e5 c5 4. c3 Nc6 5. Be2 cxd4 6. cxd4 Qb6 7. Nc3 Be6 8. Nf3 Rd8 9. Na4 Qc7 10. Ng5 Bf5 11. e6 Bxe6 12. Nxe6 fxe6 13. Nc5 e5 14. Ne6 Qd6 15. Nxd8 Kxd8 16. dxe5 Qxe5 17. O-O e6 18. Re1 Bd6 19. g3 Bb4 20. Bd2 Bxd2 21. Qxd2 Nf6 22. Bb5 Ne4 23. Qe3 Nd4 24. Bd3 Ke7 25. Bxe4 dxe4 26. Qxe4 Qxe4 27. Rxe4 Nc6 28. Rae1 e5 29. f4 Rd8 30. fxe5 Ke6 31. Kg2 Rd5 32. R1e2 h5 33. Kf2 g5 34. h4 Nxe5 35. hxg5 Kf5 36. Kg2 a5 37. Rxe5+ Rxe5 38. Rxe5+ Kxe5 39. Kh3 Kf5 40. Kh4 Kg6 41. a4 b6 42. b3 1-0

[Event "Larsen Event 2024"]
[Site "Aalborg"]
[Date "2024.10.17"]
[Round "4.2"]
[White "Vinther Schou, Uffe"]
[Black "Rathlev, Jakob"]
[Result "1-0"]
[WhiteElo "2318"]
[BlackElo "2243"]
[WhiteFideId "1400568"]
[BlackFideId "1405284"]
[EventDate "2024.10.14"]
[EventType "swiss"]
[EventRounds "5"]
[EventCountry "DEN"]
[SourceTitle "Live"]

1. e4 d5 2. exd5 Qxd5 3. d4 Nf6 4. c4 Qd6 5. Nc3 c6 6. Nge2 Bg4 7. Qb3 Qc7 8. h3 Bf5 9. g4 Bg6 10. Bg2 e6 11. O-O Nbd7 12. f4 Bd6 13. c5 Be7 14. f5 exf5 15. gxf5 Bh5 16. Bf4 Qc8 17. Ng3 O-O 18. Rae1 Re8 19. Qc4 Bf8 20. b4 a6 21. d5 Rxe1 22. Rxe1 a5 23. a3 axb4 24. axb4 cxd5 25. Nxd5 Ra3 26. Nxh5 Nxh5 27. Ne7+ Bxe7 28. Rxe7 Ndf6 29. Qxf7+ Kh8 30. Rxb7 Ra8 31. Rc7 Ra1+ 32. Kh2 Qd8 33. Bg5 Ra2 34. Qxa2 Qxc7+ 35. Kg1 Qg3 36. Qd2 h6 37. Bxf6 Nf4 38. Be5 Nxh3+ 39. Kf1 Qf2+ 1-0

[Event "Larsen Event 2024"]
[Site "Aalborg"]
[Date "2024.10.17"]
[Round "4.4"]
[White "Olesen, Poul Erik Norgaard"]
[Black "Mikkelsen, Peter Jorgen Dam"]
[Result "0-1"]
[WhiteElo "1983"]
[BlackElo "2081"]
[WhiteFideId "1404253"]
[BlackFideId "1439847"]
[EventDate "2024.10.14"]
[EventType "swiss"]
[EventRounds "5"]
[EventCountry "DEN"]
[SourceTitle "Live"]

1. e4 c6 2. d3 d5 3. Nd2 Nf6 4. Ngf3 Bg4 5. h3 Bh5 6. e5 Nfd7 7. g4 Bg6 8. Qe2 e6 9. Nb3 c5 10. c3 a5 11. Bg5 Be7 12. Bxe7 Qxe7 13. Bg2 Nc6 14. a3 O-O 15. h4 c4 16. dxc4 dxc4 17. Nc1 h5 18. gxh5 Bxh5 19. Qxc4 Ndxe5 20. Nxe5 Nxe5 21. Qe4 Qf6 22. Rh3 Rad8 23. Ne2 Bg6 24. Qe3 Nd3+ 25. Kf1 Nxb2 26. Nf4 Nc4 27. Qg3 Bf5 28. Rh2 b5 29. h5 Qh6 30. Kg1 Rd2 31. Bf1 Rfd8 32. Rh4 Rc2 33. Be2 Rdd2 34. Bd3 Rxc3 35. Ng6 Rcxd3 36. Ne7+ Kh7 0-1

[Event "Larsen Event 2024"]
[Site "Aalborg"]
[Date "2024.10.17"]
[Round "4.5"]
[White "Munksgaard, Bo"]
[Black "Steffensen, Elena"]
[Result "0-1"]
[WhiteElo "1728"]
[BlackElo "2003"]
[WhiteFideId "1407473"]
[BlackFideId "1406353"]
[EventDate "2024.10.14"]
[EventType "swiss"]
[EventRounds "5"]
[EventCountry "DEN"]
[SourceTitle "Live"]

1. Nf3 g6 2. c4 Bg7 3. Nc3 Nf6 4. e4 d6 5. h3 O-O 6. d3 c5 7. Be3 Nc6 8. Qd2 a6 9. Bh6 Qa5 10. Bxg7 Kxg7 11. Nd5 Qxd2+ 12. Kxd2 b5 13. b3 Rb8 14. Be2 bxc4 15. Nxf6 cxd3 16. Nd5 dxe2 17. Kxe2 a5 18. Rhc1 e6 19. Ne3 Ba6+ 20. Kd2 Rfc8 21. Nc4 Bxc4 22. Rxc4 Rb4 23. Rac1 Rcb8 24. e5 Nxe5 25. Nxe5 dxe5 26. Rxc5 a4 27. bxa4 Rxa4 28. R1c2 Rba8 29. Rxe5 Rxa2 30. Rc5 Rd8+ 31. Ke2 Ra1 32. Rd2 Rxd2+ 33. Kxd2 Rg1 34. g3 Rh1 35. h4 h5 36. Ke3 Rd1 37. Ke2 Rd5 38. Rxd5 exd5 39. Ke3 Kf6 40. Kd4 Ke6 41. f4 Kf5 0-1

[Event "Larsen Event 2024"]
[Site "Aalborg"]
[Date "2024.10.17"]
[Round "4.6"]
[White "Mistilioglou, Athanasios"]
[Black "Knudsen, Ole"]
[Result "1-0"]
[WhiteElo "1800"]
[BlackElo "1978"]
[WhiteFideId "25855344"]
[BlackFideId "1410830"]
[EventDate "2024.10.14"]
[EventType "swiss"]
[EventRounds "5"]
[EventCountry "DEN"]
[SourceTitle "Live"]

1. c4 e5 2. Nc3 Nf6 3. Nf3 e4 4. Ng5 b5 5. Ngxe4 Nxe4 6. Nxe4 bxc4 7. b3 d5 8. Ng3 Qf6 9. Rb1 Bc5 10. e3 cxb3 11. Qxb3 c6 12. Bb2 Qe7 13. Bxg7 Rg8 14. Qc3 Nd7 15. Be2 a5 16. O-O Qe6 17. Bd4 Bb4 18. Qc2 Rg6 19. Bd3 Rh6 20. Nf5 Rg6 21. Ng7+ Rxg7 22. Bxg7 Qg4 23. Qxc6 1-0

[Event "Larsen Event 2024"]
[Site "Aalborg"]
[Date "2024.10.17"]
[Round "4.7"]
[White "Hollesen, Kurt"]
[Black "Gottschalck, Christian"]
[Result "1-0"]
[WhiteElo "1954"]
[BlackElo "1757"]
[WhiteFideId "1406817"]
[BlackFideId "1428357"]
[EventDate "2024.10.14"]
[EventType "swiss"]
[EventRounds "5"]
[EventCountry "DEN"]
[SourceTitle "Live"]

1. e4 e6 2. d4 d5 3. Nd2 dxe4 4. Nxe4 Bd7 5. Nf3 Bc6 6. Bd3 Nd7 7. O-O Ngf6 8. Qe2 Nxe4 9. Bxe4 Bxe4 10. Qxe4 c6 11. c4 Nf6 12. Qe2 Be7 13. h3 h6 14. Bd2 O-O 15. b4 b5 16. cxb5 cxb5 17. Qxb5 Nd5 18. a3 a6 19. Qd3 Qb6 20. Rfc1 Rfc8 21. Rc4 Qb5 22. Rac1 Nb6 23. Rxc8+ Rxc8 24. Rxc8+ Nxc8 25. Qxb5 axb5 26. Kf1 Nb6 27. Ke2 Nc4 28. Bc1 f6 29. Kd3 Nb6 30. Nd2 Kf7 31. Ne4 f5 32. Nc3 1-0

[Event "Larsen Event 2024"]
[Site "Aalborg"]
[Date "2024.10.17"]
[Round "4.8"]
[White "Christensen, Poul Veiling"]
[Black "Rasmussen, Morten Thor"]
[Result "0-1"]
[WhiteElo "1850"]
[BlackElo "1900"]
[WhiteFideId "1480014"]
[BlackFideId "1445162"]
[EventDate "2024.10.14"]
[EventType "swiss"]
[EventRounds "5"]
[EventCountry "DEN"]
[SourceTitle "Live"]

1. Nf3 Nf6 2. d4 g6 3. g3 Bg7 4. Bg2 O-O 5. O-O d6 6. Re1 Nbd7 7. e4 e5 8. d5 Nc5 9. Nbd2 a5 10. c4 Nd3 11. Re2 Nd7 12. Ne1 N7c5 13. Nf1 Nxc1 14. Qxc1 f5 15. Qc2 f4 16. f3 g5 17. g4 h5 18. gxh5 Kf7 19. h3 Rh8 20. Nh2 c6 21. Ng4 Rxh5 22. Bf1 Qb6 23. Kh2 Bd7 24. Rg2 Rah8 25. Rg1 Rh4 26. Qe2 Bxg4 27. Rxg4 Rxg4 28. fxg4 cxd5 29. exd5 e4 30. Rb1 Be5 31. Qc2 Qb4 32. Kg1 a4 33. b3 axb3 34. axb3 Ra8 35. Kf2 Ra1 36. Rxa1 Bd4+ 37. Ke2 Bxa1 38. Qa2 f3+ 39. Kd1 Nxb3 40. Qc2 Nc5 41. Nxf3 exf3 42. Qf5+ Bf6 43. Qxf3 Qb3+ 44. Qxb3 Nxb3 45. Kc2 Nd4+ 46. Kd3 Be5 47. Ke4 b6 48. Bd3 Kf6 49. Ke3 Nb3 50. Bf5 Nc5 51. Bh7 Bc3 52. Bc2 Ke5 53. Bd1 Bd4+ 54. Kf3 Ne4 55. Bc2 Nd2+ 0-1

[Event "Larsen Event 2024"]
[Site "Aalborg"]
[Date "2024.10.18"]
[Round "5.1"]
[White "Vinther Schou, Uffe"]
[Black "Zander, Emil"]
[Result "1-0"]
[WhiteElo "2318"]
[BlackElo "2131"]
[WhiteFideId "1400568"]
[BlackFideId "1467123"]
[EventDate "2024.10.14"]
[EventType "swiss"]
[EventRounds "5"]
[EventCountry "DEN"]
[SourceTitle "Live"]

1. e4 c5 2. b3 Nc6 3. Bb2 d6 4. Bb5 Bd7 5. f4 a6 6. Bxc6 Bxc6 7. Qe2 e6 8. Nf3 Nf6 9. Nc3 Be7 10. O-O-O b5 11. e5 b4 12. exf6 bxc3 13. dxc3 Bxf6 14. f5 e5 15. Nd2 Bg5 16. Kb1 Bxd2 17. Rxd2 Qc7 18. Rhd1 Ke7 19. Rxd6 Qxd6 20. Rxd6 Kxd6 21. Qd2+ Kc7 22. c4 f6 23. Qa5+ Kd7 24. Qxc5 Rhe8 25. Ba3 Kc7 26. Qa5+ Kd7 27. Qd2+ Kc8 28. Bc5 Rd8 29. Qa5 Rd7 30. g4 Bf3 31. Qb6 a5 32. Qe6 Rb8 33. Bd6 Rb6 34. c5 Ra6 35. Qg8+ Rd8 36. Qxg7 1-0

[Event "Larsen Event 2024"]
[Site "Aalborg"]
[Date "2024.10.18"]
[Round "5.2"]
[White "Jacobsen, Mikkel Manosri"]
[Black "Jepsen, Thomas Stausholm"]
[Result "0-1"]
[WhiteElo "2322"]
[BlackElo "2137"]
[WhiteFideId "1444514"]
[BlackFideId "1403273"]
[EventDate "2024.10.14"]
[EventType "swiss"]
[EventRounds "5"]
[EventCountry "DEN"]
[SourceTitle "Live"]

1. c4 c5 2. g3 Nf6 3. Bg2 g6 4. Nc3 Bg7 5. a3 Nc6 6. Rb1 a5 7. d3 O-O 8. Nh3 d6 9. Nf4 e6 10. h4 h6 11. Bd2 Ne7 12. b4 axb4 13. axb4 cxb4 14. Rxb4 d5 15. cxd5 Nexd5 16. Nfxd5 Nxd5 17. Nxd5 exd5 18. O-O Re8 19. e3 Ra3 20. Bc1 Ra1 21. d4 Bf8 22. Rb5 Be6 23. Qb3 Qc8 24. Bb2 Rxf1+ 25. Kxf1 Re7 26. Bxd5 Bxd5 27. Qxd5 Rc7 28. Kg2 Rc6 29. Qe4 Re6 30. Qxb7 Qc4 31. Qd5 Qe2 32. Bc3 Rf6 33. Be1 Rf5 34. Qxf5 gxf5 0-1

[Event "Larsen Event 2024"]
[Site "Aalborg"]
[Date "2024.10.18"]
[Round "5.3"]
[White "Mikkelsen, Peter Jorgen Dam"]
[Black "Steffensen, Elena"]
[Result "1-0"]
[WhiteElo "2081"]
[BlackElo "2003"]
[WhiteFideId "1439847"]
[BlackFideId "1406353"]
[EventDate "2024.10.14"]
[EventType "swiss"]
[EventRounds "5"]
[EventCountry "DEN"]
[SourceTitle "Live"]

1. d4 g6 2. e4 Bg7 3. Nf3 d5 4. exd5 Qxd5 5. c4 Qd8 6. Nc3 Nf6 7. Be2 O-O 8. O-O c6 9. h3 Nbd7 10. Bf4 Nh5 11. Bh2 Qb6 12. Na4 Qa5 13. a3 b5 14. Nc3 b4 15. axb4 Qxb4 16. Qa4 Qb7 17. Qa3 c5 18. Rfd1 cxd4 19. Nxd4 Be5 20. Bxh5 Bxh2+ 21. Kxh2 gxh5 22. Qxe7 Qxb2 23. Ne4 Bb7 24. Rab1 1-0

[Event "Larsen Event 2024"]
[Site "Aalborg"]
[Date "2024.10.18"]
[Round "5.4"]
[White "Rathlev, Jakob"]
[Black "Mistilioglou, Athanasios"]
[Result "1/2-1/2"]
[WhiteElo "2243"]
[BlackElo "1800"]
[WhiteFideId "1405284"]
[BlackFideId "25855344"]
[EventDate "2024.10.14"]
[EventType "swiss"]
[EventRounds "5"]
[EventCountry "DEN"]
[SourceTitle "Live"]

1. b3 d5 2. Nf3 Nf6 3. Bb2 e6 4. e3 Be7 5. d4 O-O 6. Nbd2 c5 7. Bd3 Nc6 8. a3 a6 9. Ne5 Qc7 10. O-O b5 11. Nxc6 Qxc6 12. dxc5 Qxc5 13. e4 Bb7 14. e5 Ne4 15. b4 Qc6 16. Nb3 Bd8 17. Bd4 Rc8 18. Qe2 f6 19. f4 Bb6 20. Qe3 Bxd4 21. Qxd4 Qc3 22. Qb6 Qc6 23. Qxc6 Bxc6 24. Rae1 Ba8 25. Bxe4 dxe4 26. Nc5 Bd5 27. Rf2 f5 28. Nxa6 Rc3 29. a4 bxa4 30. Nc5 a3 31. Ra1 Ra8 32. Rd2 a2 33. Nb3 e3 34. Re2 Bc4 35. Ree1 e2 36. Nd4 Rb8 37. b5 h6 38. Kf2 Kf7 39. Rac1 Ra8 40. Nxe2 Rca3 41. Ra1 Bxb5 42. Nd4 Bc4 43. Red1 Rb8 44. g3 g5 45. fxg5 hxg5 46. Nc6 Rb6 47. Nd4 Ra5 48. Nf3 g4 49. Nd2 Rd5 50. Ke3 Rb2 51. Rdc1 Ba6 52. Nb3 Bc4 53. Nd2 Ba6 54. Nb3 Bc4 1/2-1/2

[Event "Larsen Event 2024"]
[Site "Aalborg"]
[Date "2024.10.18"]
[Round "5.5"]
[White "Munksgaard, Bo"]
[Black "Hollesen, Kurt"]
[Result "0-1"]
[WhiteElo "1728"]
[BlackElo "1954"]
[WhiteFideId "1407473"]
[BlackFideId "1406817"]
[EventDate "2024.10.14"]
[EventType "swiss"]
[EventRounds "5"]
[EventCountry "DEN"]
[SourceTitle "Live"]

1. Nf3 d5 2. g3 c6 3. Bg2 Nd7 4. d4 e6 5. O-O Bd6 6. b3 f5 7. Bb2 Qf6 8. Nbd2 Ne7 9. e3 O-O 10. c4 g5 11. Ne1 g4 12. Nd3 Ng6 13. Qc2 Qg5 14. Rac1 h5 15. Rfe1 h4 16. Nf4 Nf6 17. a3 Nh5 18. Nxh5 Qxh5 19. c5 Bc7 20. b4 Bd7 21. Nb3 Rae8 22. Qd3 Rf7 23. a4 Rh7 24. b5 hxg3 25. hxg3 Qh2+ 26. Kf1 Kf7 27. Bc3 Reh8 28. Na5 Bxg3 29. fxg3 Qxg3 30. Nxb7 Rh2 31. Nd6+ Ke7 32. Rc2 Nh4 33. Ree2 Nxg2 34. Rxg2 Qf3+ 35. Rcf2 Rh1+ 36. Rg1 Rxg1+ 37. Kxg1 Rh1# 0-1

[Event "Larsen Event 2024"]
[Site "Aalborg"]
[Date "2024.10.18"]
[Round "5.6"]
[White "Knudsen, Ole"]
[Black "Svendsen, Mads O"]
[Result "0-1"]
[WhiteElo "1978"]
[BlackElo "2098"]
[WhiteFideId "1410830"]
[BlackFideId "1411780"]
[EventDate "2024.10.14"]
[EventType "swiss"]
[EventRounds "5"]
[EventCountry "DEN"]
[SourceTitle "Live"]

1. e4 d6 2. Nc3 c5 3. Nf3 a6 4. g3 Nc6 5. Bg2 g6 6. O-O Bg7 7. d3 e6 8. h4 h5 9. Bg5 Nge7 10. Re1 Qc7 11. Qd2 b5 12. Rab1 Bb7 13. Ne2 O-O 14. Bh6 Rfd8 15. Bxg7 Kxg7 16. Nf4 e5 17. Nh3 f6 18. c3 d5 19. Qe2 d4 20. cxd4 Nxd4 21. Nxd4 Rxd4 22. Qe3 Rad8 23. Bf1 Nc6 24. a3 Na5 25. Rec1 Qd6 26. Rc3 b4 27. axb4 cxb4 28. Rc2 Nb3 29. f3 a5 30. Nf2 Ba6 31. g4 hxg4 32. fxg4 Rh8 33. Qg3 Kf7 34. g5 f5 35. exf5 gxf5 36. g6+ Kg7 37. Re1 Rf4 38. Rce2 e4 39. Nxe4 fxe4 0-1

[Event "Larsen Event 2024"]
[Site "Aalborg"]
[Date "2024.10.18"]
[Round "5.7"]
[White "Christensen, Poul Veiling"]
[Black "Olesen, Poul Erik Norgaard"]
[Result "1-0"]
[WhiteElo "1850"]
[BlackElo "1983"]
[WhiteFideId "1480014"]
[BlackFideId "1404253"]
[EventDate "2024.10.14"]
[EventType "swiss"]
[EventRounds "5"]
[EventCountry "DEN"]
[SourceTitle "Live"]

1. Nf3 Nf6 2. c4 g6 3. Nc3 Bg7 4. d4 d6 5. e3 c6 6. Be2 O-O 7. O-O Qc7 8. Re1 e5 9. dxe5 dxe5 10. e4 Nbd7 11. h3 Rd8 12. Qc2 Nc5 13. Be3 Ne6 14. Rad1 Nh5 15. Rxd8+ Qxd8 16. Rd1 Qe7 17. a3 Nhf4 18. Bf1 Bd7 19. g3 Nh5 20. Ne2 Be8 21. h4 h6 22. Bh3 b6 23. Kh2 Kh7 24. Bg4 Nf6 25. Bh3 c5 26. Nxe5 Nd4 27. Bxd4 cxd4 28. f4 Rd8 29. Rxd4 Rxd4 30. Nxd4 Nxe4 31. Qxe4 f6 32. Ndc6 Bxc6 33. Qxg6+ 1-0

[Event "Larsen Event 2024"]
[Site "Aalborg"]
[Date "2024.10.18"]
[Round "5.8"]
[White "Rasmussen, Morten Thor"]
[Black "Gottschalck, Christian"]
[Result "1-0"]
[WhiteElo "1900"]
[BlackElo "1757"]
[WhiteFideId "1445162"]
[BlackFideId "1428357"]
[EventDate "2024.10.14"]
[EventType "swiss"]
[EventRounds "5"]
[EventCountry "DEN"]
[SourceTitle "Live"]

1. e4 e6 2. d4 d5 3. exd5 exd5 4. Nf3 Nf6 5. Bd3 Bg4 6. O-O Be7 7. Bf4 Nbd7 8. Nbd2 O-O 9. c3 Nh5 10. Be3 Nhf6 11. Qc2 h6 12. Ne5 Nxe5 13. dxe5 Nd7 14. f4 Nc5 15. Bh7+ Kh8 16. b4 Nd7 17. h3 Be2 18. Rf2 Ba6 19. Nf3 c5 20. a3 Qc7 21. Bf5 b6 22. e6 fxe6 23. Bxe6 Bb7 24. Bxd7 d4 25. cxd4 Bxf3 26. Rxf3 Qxd7 27. dxc5 bxc5 28. Bxc5 Rfc8 29. Qf2 Bf6 30. Rc1 Rxc5 31. Rxc5 Bd4 32. Re3 Bxc5 33. bxc5 Qd1+ 34. Qe1 Qa4 35. Qb4 Qd7 36. Qe4 Rc8 37. Rd3 Qc7 38. Rd5 Qf7 39. c6 Qf6 40. Rc5 Qa1+ 41. Kh2 Qxa3 42. Qe6 Qa6 43. Qd7 Rg8 44. c7 Qc8 45. Rd5 Kh7 46. Qd8 a6 47. f5 a5 48. f6 a4 49. f7 Rf8 50. Qxc8 1-0